Evolutionary causation : biological and philosophical reflections /

Bibliographic Details
Corporate Author: ProQuest (Firm)
Other Authors: Uller, Tobias (Editor), Laland, Kevin N. (Editor)
Format: eBook
Language:English
Published: Cambridge, MA : The MIT Press, [2019]
Series:Vienna series in theoretical biology.
Subjects:
Online Access:Connect to the full text of this electronic book

MARC

Tag First Indicator Second Indicator Subfields
LEADER 00000cam a22000001i 4500
001 in00004155421
006 m |o d |
007 cr |n|||||||||
008 190823s2019 mau ob 001 0 eng d
005 20250816213433.7
020 |a 9780262353199 (electronic bk.) 
020 |a 0262353199 (electronic bk.) 
020 |z 9780262039925 
020 |z 0262039923 
024 8 |a 99981782239 
035 |a (NhCcYBP)ebc5850209 
040 |a NhCcYBP  |c NhCcYBP  |d UtOrBLW 
050 4 |a QH360.5  |b .E9596 2019 
082 0 4 |a 576.8  |2 23 
245 0 0 |a Evolutionary causation :  |b biological and philosophical reflections /  |c edited by Tobias Uller and Kevin N. Laland. 
264 1 |a Cambridge, MA :  |b The MIT Press,  |c [2019] 
300 |a 1 online resource. 
336 |a text  |b txt  |2 rdacontent 
337 |a computer  |b c  |2 rdamedia 
338 |a online resource  |b cr  |2 rdacarrier 
490 1 |a Vienna series in theoretical biology 
504 |a Includes bibliographical references and index. 
505 0 |a Evolutionary causation / Tobias Uller and Kevin N. Laland -- Causality and the role of philosophy of science / Massimo Pigliucci -- Understanding bias in the introduction of variation as an evolutionary cause / Arlin Stoltzfus -- The shape of things to come: evo devo perspectives on causes and consequences in evolution / Armin P. Moczek -- Incorporating the environmentally sensitive phenotype into evolutionary thinking / David I. Dayan, Melissa A. Graham, John A. Baker, and Susan A. Foster -- Genotype-environment interaction and the unscripted reaction norm / Sonia E. Sultan -- Understanding niche construction as an evolutionary process / Kevin N. Laland, John Odling-Smee, and Marcus W. Feldman -- Biological dynamics and evolutionary causation / Renee A. Duckworth -- The causes of a major transition: how social insects traverse Darwinian space / Heikki Helanteran and Tobias Uller -- Are developmental plasticity, niche construction and extended inheritance necessary for evolution by natural selection? The role of active phenotypes in the minimal criteria for Darwinian individuality / Richard A. Watson and Christoph Thies -- The paradox of population thinking: first order causes and higher order effects / Denis M. Walsh -- Ontology, causality, and methodology of evolutionary research programs / Jun Otsuka -- A Darwinian dream: on time, levels, and processes in evolution / Arnaud Pocheville -- Decoupling, commingling, and the evolutionary significance of experiential niche construction / Lynn Chiu -- Biological information in developmental and evolutionary systems / Karola Stotz. 
588 |a Description based on print version record. 
500 |a Electronic resource. 
650 0 |a Evolution (Biology)  |x Philosophy.  |0 http://id.loc.gov/authorities/subjects/sh94003836 
650 0 |a Causation.  |0 http://id.loc.gov/authorities/subjects/sh85021459 
655 7 |a Electronic books.  |2 local 
700 1 |a Uller, Tobias,  |e editor.  |0 http://id.loc.gov/authorities/names/n2009183670 
700 1 |a Laland, Kevin N.,  |e editor.  |0 http://id.loc.gov/authorities/names/nb2002042997 
710 2 |a ProQuest (Firm)  |0 http://id.loc.gov/authorities/names/n2007068018 
776 1 8 |c Original  |z 9780262039925  |z 0262039923  |w (DLC) 2018042611 
830 0 |a Vienna series in theoretical biology.  |0 http://id.loc.gov/authorities/names/n99276774 
856 4 0 |u https://ebookcentral.proquest.com/lib/tamucs/detail.action?docID=5850209  |z Connect to the full text of this electronic book  |t 0 
955 |a YBP purchased approval e-records 
980 |b 135.00  |g 1 
987 |a ybp300762788 
999 f f |s 73c4e38c-96da-331a-b864-14b26873328b  |i b038fe79-5224-3440-936d-973faed93dfd  |t 0 
952 f f |a Texas A&M University  |b College Station  |c Electronic Resources  |d Available Online  |t 0  |e QH360.5 .E9596 2019  |h Library of Congress classification 
998 f f |a QH360.5 .E9596 2019  |t 0  |l Available Online